Central Library and Information Centre
Sibsagar Girls' College, Sivasagar : Assam

INDIAS BILLION PLUS PEOPLE (Record no. 10071)

MARC details
000 -LEADER
fixed length control field 00409cam a2200169ua 4500
008 - FIXED-LENGTH DATA ELEMENTS--GENERAL INFORMATION
fixed length control field 141112n II |||gr||||Z||||||eng
040 ## - CATALOGING SOURCE
Original cataloging agency MAIN
041 ## - LANGUAGE CODE
-- English
082 ## - DEWEY DECIMAL CLASSIFICATION NUMBER
Classification number 910 BOS
100 ## - MAIN ENTRY--PERSONAL NAME
Personal name BOSE, ASHISH.
245 ## - TITLE STATEMENT
Title INDIAS BILLION PLUS PEOPLE
260 ## - PUBLICATION, DISTRIBUTION, ETC.
Place of publication, distribution, etc. NEW DELHI
Name of publisher, distributor, etc. KING BOOK EDUCATIONAL PUBLISHERS
300 ## - PHYSICAL DESCRIPTION
Extent 265.:
Dimensions 24CM.
942 ## - ADDED ENTRY ELEMENTS (KOHA)
Koha item type Books
653 ## - INDEX TERM--UNCONTROLLED
Uncontrolled term Geography & travel
Holdings
Withdrawn status Lost status Damaged status Not for loan Collection code Home library Current library Shelving location Date acquired Full call number Barcode Date last seen Copy number Price effective from Koha item type Public note
        REFGEO Central Library and Information Centre Sibsagar Girls College Central Library and Information Centre Sibsagar Girls College GEOGRAPHY BOOK RACK 21.07.2000 910 BOS 16972 27.02.2020 1 27.02.2020 Books V


Sibsagar Girl's College © 2020. All rights reserved.
Powered by Koha.
Maintained by Abhijit Borpuzari.